000 00207 a2200097 4500
001 30724
100 _aHayden, E S
245 _aThe Hovercraft
260 _aEngland
_bladybird Bks
_c
090 _c20656
_d20656
942 _aNUST-CAE
_cM
_c11843
999 _c265797
_d265797